Kluby piłkarskie Senegal Ligue 1 - nagła śmierć - Statystyki

Ogólne statystyki
  • Ten quiz został rozwiązany 8 razy
  • Średni wynik to 3 z 10
Answers on the Grid
Answers color-coded by a green-red scale on the quiz's grid according to % correct below.
Enyimba FC
Génération Foot
ACS Ksar
Teungueth FC
AJEL de Rufisque
Kabuscorp SC
ASC SONACOS
Oslo FA
Aziza FC
AS Dakar Sacré Coeur
CI Kamsar
US Ouakam
Paradou AC
ASC Diaraf
Wally Daan FC
Gasco FC
US Gorée
Yadah FC
 
Statystyki odpowiedzi
Odpowiedź % Poprawnych
ASC Diaraf
71%
AS Dakar Sacré Coeur
71%
AJEL de Rufisque
29%
Génération Foot
29%
US Ouakam
29%
ASC SONACOS
14%
Oslo FA
14%
Teungueth FC
14%
US Gorée
14%
Wally Daan FC
0%
Nie znaleziono quizów pasujących do podanych kryteriów
Rozkład punktacji
Procent ludzi z każdym wynikiem
Percentyl według liczby udzielonych odpowiedzi
Twoja historia wyników
Nie rozwiązałeś tego quizu